LDR 00873naa#a2200193#i#450# 001 RU\\bibl\119755 005 20260418040227.6 011 ## _a2782-4586 100 ## _a20260331b2026####ek#y0rusy0150####ca 102 ## _aRU 200 1# _aВлияние на конкурентоспособность организации учета и анализа финансовых результатов _eЖурнальная статья 210 1# _aМосква _cУниверситет ИТБО _d2026 215 ## _a5 с. 608 ## _aЖурнальная статья _2local 675 ## _aПроверка отчетности. Аудит. Ревизия. 657.6 _z 700 #1 _aВаранкин _gМаксим Владимирович 700 #1 _aШарапова _gВалентина Михайловна 700 #1 _aШарапова _gНаталья Владимировна 856 4# _ajomeam.ru _u